Cartes de Call of Duty - Clic Quiz - Statistiques

Statistiques générales
  • Ce quiz a été pris 748 fois
  • Le résultat moyen est 19 sur 50
Statistiques - réponses
Hint Réponse % Correct
Hijacked Black Ops II
69%
Express Black Ops II
64%
Plaza Black Ops II
63%
Standoff Black Ops II
63%
Nuketown Black Ops
60%
Firing Range Black Ops
56%
Rust Modern Warfare 2
56%
Cargo Black Ops II
54%
Dome Modern Warfare 3
52%
Terminal Modern Warfare 2
51%
Favela Modern Warfare 2
50%
Resistance Modern Warfare 3
50%
Aftermath Black Ops II
49%
Summit Black Ops
48%
Shipment Modern Warfare
48%
Highrise Modern Warfare 2
47%
Aquarium Black Ops III
46%
Launch Black Ops
42%
Afghan Modern Warfare 2
42%
Exodus Black Ops III
40%
Underground Modern Warfare 3
39%
WMD Black Ops
37%
Wasteland Modern Warfare 2
36%
Bootleg Modern Warfare 3
36%
Prison Break Ghosts
35%
Sovereign Ghosts
35%
Estate Modern Warfare 2
35%
Tremor Ghosts
34%
Strikezone Ghosts
34%
Array Black Ops
33%
Havoc Black Ops III
32%
Octane Ghosts
32%
Hardhat Modern Warfare 3
32%
Breach Black Ops III
31%
Crisis Black Ops
30%
Radiation Black Ops
28%
Stronghold Black Ops III
27%
Fallen Modern Warfare 3
27%
Whiteout Ghosts
26%
Overlord Ghosts
23%
Underpass Modern Warfare 2
22%
Seatdown Modern Warfare 3
21%
Vacant Modern Warfare
20%
Pipeline Modern Warfare
19%
Infection Black Ops III
18%
Crossfire Modern Warfare
18%
Ambush Modern Warfare
16%
District Modern Warfare
15%
Countdown Modern Warfare
14%
Wetwork Modern Warfare
14%
Aucun quiz correspondant
Distribution des résultats
% des personnes avec chaque résultat
Percentile par nombre de réponses
Votre historique - résultats
Vous n’avez pas pris ce quiz